Social, political, and economic thoughts of Mahatma Gandhi, Vinoba and Jayaprakash Narain
| Main Author: | |
|---|---|
| Format: | Print Book |
| Language: | English |
| Subito Delivery Service: | Order now. |
| Check availability: | HBZ Gateway |
| WorldCat: | WorldCat |
| Interlibrary Loan: | Interlibrary Loan for the Fachinformationsdienste (Specialized Information Services in Germany) |
| Published: |
New Delhi
Classical Publ.
2003
|
| In: | Year: 2003 |
| Edition: | 1. publ. |
| Standardized Subjects / Keyword chains: | B
Gandhi, Mohandas Karamchand 1869-1948
/ Political theory
/ Economics
B Bhave, Vinoba 1895-1982 / Political theory / Economics B Narayan, Jayaprakash 1902-1979 / Political theory / Economics |
| Further subjects: | B
Thesis
|
MARC
| LEADER | 00000cam a2200000 c 4500 | ||
|---|---|---|---|
| 001 | 1608532070 | ||
| 003 | DE-627 | ||
| 005 | 20251225193423.0 | ||
| 007 | tu | ||
| 008 | 031128s2003 xx ||||| m 00| ||eng c | ||
| 020 | |a 8170543746 |9 81-7054-374-6 | ||
| 035 | |a (DE-627)1608532070 | ||
| 035 | |a (DE-576)108545245 | ||
| 035 | |a (DE-599)BSZ108545245 | ||
| 035 | |a (OCoLC)314319635 | ||
| 035 | |a (IiNdDKA)144894-HBD | ||
| 040 | |a DE-627 |b ger |c DE-627 |e rakwb | ||
| 041 | |a eng | ||
| 082 | 0 | |a 954.035 092 254 | |
| 082 | 0 | |a 954.035 | |
| 082 | 0 | |a 254 | |
| 082 | 0 | |a 092 | |
| 100 | 1 | |0 (DE-588)1146469756 |0 (DE-627)1007969806 |0 (DE-576)187209871 |4 aut |a Ambasta, Radhey Shyam |d 1942- | |
| 109 | |a Ambasta, Radhey Shyam 1942- |a Ambasta, R. S. 1942- | ||
| 245 | 1 | 0 | |a Social, political, and economic thoughts of Mahatma Gandhi, Vinoba and Jayaprakash Narain |c Radhey Shyam Ambasta |
| 250 | |a 1. publ. | ||
| 264 | 1 | |a New Delhi |b Classical Publ. |c 2003 | |
| 300 | |a IX, 172 S. | ||
| 336 | |a Text |b txt |2 rdacontent | ||
| 337 | |a ohne Hilfsmittel zu benutzen |b n |2 rdamedia | ||
| 338 | |a Band |b nc |2 rdacarrier | ||
| 500 | |a Originally presented as the author's thesis (Ph. D.--Babasaheb Bhimrao Ambedkar Bihar University, 1983) under the title: Social order according to Mahatma Gandhi and the contribution made to it by Vinoba and Jayaprakash Narayan - Includes bibliographical references (p. [170]-172) | ||
| 502 | |a Teilw. zugl.: Muzaffarpur, Bihar Univ., Diss. | ||
| 583 | 1 | |a Archivierung prüfen |c 20200919 |f DE-640 |z 1 |2 pdager | |
| 583 | 1 | |a Archivierung/Langzeitarchivierung gewährleistet |f SSG |x XA-DE-BW |2 pdager |5 DE-21 | |
| 655 | 7 | |a Hochschulschrift |0 (DE-588)4113937-9 |0 (DE-627)105825778 |0 (DE-576)209480580 |2 gnd-content | |
| 689 | 0 | 0 | |d p |0 (DE-588)118639145 |0 (DE-627)283487607 |0 (DE-576)209184337 |2 gnd |a Gandhi, Mohandas Karamchand |d 1869-1948 |
| 689 | 0 | 1 | |d s |0 (DE-588)4046563-9 |0 (DE-627)104383747 |0 (DE-576)209070080 |2 gnd |a Politische Theorie |
| 689 | 0 | 2 | |d s |0 (DE-588)4079351-5 |0 (DE-627)10448361X |0 (DE-576)20921225X |2 gnd |a Wirtschaftstheorie |
| 689 | 0 | |5 (DE-627) | |
| 689 | 1 | 0 | |d p |0 (DE-588)118838407 |0 (DE-627)060919078 |0 (DE-576)160285178 |2 gnd |a Bhave, Vinoba |d 1895-1982 |
| 689 | 1 | 1 | |d s |0 (DE-588)4046563-9 |0 (DE-627)104383747 |0 (DE-576)209070080 |2 gnd |a Politische Theorie |
| 689 | 1 | 2 | |d s |0 (DE-588)4079351-5 |0 (DE-627)10448361X |0 (DE-576)20921225X |2 gnd |a Wirtschaftstheorie |
| 689 | 1 | |5 (DE-627) | |
| 689 | 2 | 0 | |d p |0 (DE-588)118737961 |0 (DE-627)06091954X |0 (DE-576)209378336 |2 gnd |a Narayan, Jayaprakash |d 1902-1979 |
| 689 | 2 | 1 | |d s |0 (DE-588)4046563-9 |0 (DE-627)104383747 |0 (DE-576)209070080 |2 gnd |a Politische Theorie |
| 689 | 2 | 2 | |d s |0 (DE-588)4079351-5 |0 (DE-627)10448361X |0 (DE-576)20921225X |2 gnd |a Wirtschaftstheorie |
| 689 | 2 | |5 (DE-627) | |
| 751 | |a Muzaffarpur |0 (DE-588)4402653-5 |0 (DE-627)193680068 |0 (DE-576)212037641 |4 uvp | ||
| 935 | |a mteo | ||
| 951 | |a BO | ||
| ELC | |b 1 | ||
| ITA | |a 1 |t 1 | ||
| LOK | |0 000 xxxxxcx a22 zn 4500 | ||
| LOK | |0 001 3137218446 | ||
| LOK | |0 003 DE-627 | ||
| LOK | |0 004 1608532070 | ||
| LOK | |0 005 20031128000000 | ||
| LOK | |0 008 031128||||||||||||||||ger||||||| | ||
| LOK | |0 040 |a DE-21 |c DE-627 |d DE-21 | ||
| LOK | |0 852 |a DE-21 | ||
| LOK | |0 852 1 |c 43 A 13373 |9 00 | ||
| LOK | |0 935 |a sued | ||
| LOK | |0 936ln |a s4.8 | ||
| LOK | |0 939 |a 28-11-03 |b l01 | ||
| ORI | |a SA-MARC-ixtheoa001.raw | ||
| REL | |a 1 | ||
| STA | 0 | 0 | |a Economics,Political theory,Politics |
| STB | 0 | 0 | |a Théorie politique,Théorie économique |
| STC | 0 | 0 | |a Teoría económica,Teoría política |
| STD | 0 | 0 | |a Teoria economica,Teoria politica |
| STE | 0 | 0 | |a 政治理论,经济理论 |
| STF | 0 | 0 | |a 政治理論,經濟理論 |
| STG | 0 | 0 | |a Teoria econômica,Teoria política |
| STH | 0 | 0 | |a Политическая теория,Теория экономики |
| STI | 0 | 0 | |a Οικονομική θεωρία,Πολιτική θεωρία |
| SUB | |a REL | ||
| SYG | 0 | 0 | |a Gāndhī, Mohandās Karamcand,1869-1948,Gandhi, Mohandas Karam Cand,1869-1948,Gandhi, Mohandas K.,1869-1948,Gandhi, Mohandas,1869-1948,Gāndhī, Mohanadāsa Karamacanda,1869-1948,Gandhi, Mohamdās Karameand,1869-1948,Gandhi, Mahatma Karamchand,1869-1948,Gandhi, Mahātma,1869-1948,Gandhi, M. K.,1869-1948,Gandhi, M.K.,1869-1948,Ghandhi,1869-1948,Gandhi Mohandās Karamcand, Mahatma,1869-1948,Gandhi,Mahātmā,1869-1948,Gan-dhi,1869-1948,Gandhi,Mahatma,1869-1948,Gandhy,1869-1948,Gāṃdhī, Mohanadāsa Karamacaṃda,1869-1948,Gāṃdhī, Mo. Ka.,1869-1948,Gāṃdhī, Mohanadāsa K.,1869-1948,Gändi, Mxandas Karamčand,1869-1948,Gändi, Mxandas Karamčand,Maxatma,1869-1948,Gandi, Machatma,1869-1948,Gandi, Mahatma,1869-1948,Gandi, Mochandas Karamčand,1869-1948,Gandi, Mochandasa Karamčanda,1869-1948,Gandi, Mokhandas K.,1869-1948,Gandi,1869-1948,Ghāndī, Mūhāndās K.,1869-1948,Ghandhiji,1869-1948,Bāpu,1869-1948,Bapu Gandhi,1869-1948,Kānti, Makātmā,1869-1948,Kan-ti,1869-1948,Machatma Gandi,1869-1948,Mahatma Gandhi,1869-1948,Mahātmā Ġāndī,1869-1948,Mohanadāsa Karamchand Gāndhi,1869-1948,มหาตมา คานธี,1869-1948 , Politik,Politiktheorie,Politische Theorien , Ökonomische Theorie,Volkswirtschaftstheorie,Sozialökonomie,Sozialökonomik,Sozioökonomie , Bhāve, Vinobā,1895-1982,Vinobā, Arc̄aya,1895-1982,Acarya Bhave,1895-1982,Vinoba, Acharya,1895-1982,Vinobā Bhave,1895-1982,Vinoba,1895-1982,Vinoba Bhave,1895-1982,Vinoba Bhave, Acharya,1895-1982,Vinobā,1895-1982 , Politik,Politiktheorie,Politische Theorien , Ökonomische Theorie,Volkswirtschaftstheorie,Sozialökonomie,Sozialökonomik,Sozioökonomie , Jay Prakash Narain,1902-1979,Narain, Jay Prakash,1902-1979,Jaiprakash Narain,1902-1979,Narain, Jaiprakash,1902-1979,Nārāyaṇa, Jayaprakāśa,1902-1979,Jayaprakāśa Nārāyaṇa,1902-1979,Nārāyaṇa, Jaya Prakāśa,1902-1979,Jaya Prakāśa Nārāyaṇa,1902-1979,Narain, Jai Prakash,1902-1979,Narayan, Jaya Prakash,1902-1979,Jaya Prakash Narayan,1902-1979,Jayaprakash Narayan,1902-1979,Jai Prakash Narain,1902-1979 , Politik,Politiktheorie,Politische Theorien , Ökonomische Theorie,Volkswirtschaftstheorie,Sozialökonomie,Sozialökonomik,Sozioökonomie |



